Thực trạng giáo dục ngôn ngữ ở vùng dân tộc miền núi ba tỉnh phía Bắc Việt Nam : Những kiến nghị và giải pháp /

Αποθηκεύτηκε σε:
Λεπτομέρειες βιβλιογραφικής εγγραφής
Κύριος συγγραφέας: Trần Trí Dõi.
Μορφή: Sách giấy
Γλώσσα:Vietnamese
Έκδοση: H. : Đại học Quốc gia, 2004.
Θέματα:
Ετικέτες: Προσθήκη ετικέτας
Δεν υπάρχουν, Καταχωρήστε ετικέτα πρώτοι!
Thư viện lưu trữ: Thư viện Trường Đại học Đà Lạt
LEADER 01120nam a2200337 4500
001 DLU120133249
005 ##20120404
040 # # |a DLU  |b vie 
041 # # |a vie 
044 # # |a vn 
082 # # |a 379.597  |b TR-D 
100 # # |a Trần Trí Dõi. 
245 # # |a Thực trạng giáo dục ngôn ngữ ở vùng dân tộc miền núi ba tỉnh phía Bắc Việt Nam :  |b Những kiến nghị và giải pháp /  |c Trần Trí Dõi. 
260 # # |a H. :  |b Đại học Quốc gia,  |c 2004. 
300 # # |a 286 tr. ;  |c 21 cm. 
504 # # |a Tài liệu tham khảo: tr. 279-286. 
650 # # |a Chính sách ngôn ngữ  |z Việt Nam, Miền Bắc. 
650 # # |a Chính sách ngôn ngữ  |z Việt Nam. 
650 # # |a Dân tộc thiểu số  |z Việt Nam, Miền Bắc  |x Điều kiện xã hội. 
650 # # |a Ngôn ngữ học dân tộc thiểu số  |x Giáo dục  |z Việt Nam, Miền Bắc. 
923 # # |a 01/2012SP 
991 # # |a SH 
992 # # |a 28800 
994 # # |a KSP 
900 # # |a True 
911 # # |a Nguyễn Thanh Hương 
925 # # |a G 
926 # # |a A 
927 # # |a SH 
980 # # |a Thư viện Trường Đại học Đà Lạt